| 000 | 01625nam2a22002411 4500 | ||
|---|---|---|---|
| 001 | rc\3680820 | ||
| 005 | 20250610060945.0 | ||
| 035 | _a(NLR Aleph) 007751104 | ||
| 090 |
_a7264633 _c7264633 |
||
| 100 | _a20130115d1969 |||y0rusy50 ca | ||
| 101 | 0 | _arus | |
| 102 | _aRU | ||
| 105 | _aa z ||||| | ||
| 200 | 1 | _aАкустические шумы ультразвуковых усилителей | |
| 210 |
_d1969 _aБ. м. |
||
| 215 |
_a48 с. _cил. |
||
| 320 | _aБиблиогр.: с. 47-48 | ||
| 461 | 0 |
_1001rc\3680818 _12001#$aИсследование усиления и генерации акустических потоков в фотопроводящих пьезополупроводниках при сверхзвуковом дрейфе электронов$e[В 3 ч.]$eЧ. 1-3$fОрдена Трудового Красного Знамени ин-т радиотехники и электроники АН СССР$vЧ. 2 _1700#1$aКалашников$bС.Г.$gСергей Григорьевич _97264618 _aКалашников, С.Г. _cМосква _d1969 _fОрдена Трудового Красного Знамени ин-т радиотехники и электроники АН СССР _nБ. и. _o[В 3 ч.] : Ч. 1-3 _p3 т. _tИсследование усиления и генерации акустических потоков в фотопроводящих пьезополупроводниках при сверхзвуковом дрейфе электронов _vЧ. 2 |
|
| 801 | 0 |
_aRU _bNLR _gpsbo |
|
| 801 | 1 |
_aRU _bELAR _2rusmarc |
|
| 852 |
_aNLR _j70-4/5014 |
||
| 942 | _cBOOK | ||
| 980 | _aNB | ||